Nombres 1 à 50 en 15 secondes - Statistiques

Statistiques générales
  • Ce quiz a été pris 115 761 fois
  • Le résultat moyen est 20 sur 50
Statistiques - réponses
Nombres % Correct
1
100%
2
98%
3
96%
4
95%
5
94%
6
93%
7
92%
8
91%
9
90%
10
83%
11
79%
12
76%
13
74%
14
72%
15
70%
16
68%
17
66%
18
64%
19
62%
20
53%
21
49%
22
44%
23
40%
24
36%
25
34%
26
32%
27
29%
28
27%
29
25%
30
20%
31
17%
32
15%
33
12%
34
9%
35
8%
36
7%
37
6%
38
5%
39
4%
40
3%
41
3%
42
2%
43
2%
44
1%
45
1%
46
1%
47
1%
48
1%
49
1%
50
0%
Aucun quiz correspondant
Distribution des résultats
% des personnes avec chaque résultat
Percentile par nombre de réponses
Votre historique - résultats
Vous n’avez pas pris ce quiz